LEADER 00677oam 2200169z- 450 001 9910698235403321 005 20190726220620.0 035 $a(CKB)3460000000105127 035 $a(EXLCZ)993460000000105127 100 $a20151109c2006uuuu -a- - 101 0 $aeng 200 00$aAnimal Enterprise Terrorism Act : hearing before the Subcommittee on Crime, Terrorism, and Homeland Security of the Committee on the Judiciary, House of Representatives, One Hundred Ninth Congress, second session, on H.R. 4239, May 23, 2006 517 $aAnimal Enterprise Terrorism Act 906 $aBOOK 912 $a9910698235403321 996 $aAnimal Enterprise Terrorism Act$93091394 997 $aUNINA LEADER 00871nam a2200229 i 4500 001 991002297009707536 005 20020508193830.0 008 011106s1971 us ||| | eng 035 $ab10988245-39ule_inst 035 $aPARLA158952$9ExL 040 $aDip.to Scienze Storiche Fil. e Geogr.$bita 100 1 $aCameron, Rondo$0437316 245 10$aCivilization since Waterloo :$ba book of source readings /$cedited by Rondo Cameron 260 $aItasca :$bPeacock,$c1971 300 $axx, 605 p. ;$c22 cm. 650 4$aStoria contemporanea$ySec.19.-20. 907 $a.b10988245$b21-09-06$c28-06-02 912 $a991002297009707536 945 $aLE009 STOR.05-57$g1$i2009000064874$lle009$o-$pE0.00$q-$rl$s- $t0$u0$v0$w0$x0$y.i1110241x$z28-06-02 996 $aCivilization since Waterloo$9864696 997 $aUNISALENTO 998 $ale009$b01-01-01$cm$da $e-$feng$gus $h0$i1